[Event "DEM U18w 2021"]
[Site "Willingen GER"]
[Date "2021.08.23"]
[Round "2"]
[White "Fock, Amina"]
[Black "Biermann, Sophie"]
[Result "1-0"]
[Termination "normal"]
[Board "9"]
[WhiteElo "1828"]
[BlackElo "1652"]
[WhiteClock "00:04:19"]
[BlackClock "00:00:38"]
[PlyCount "71"]
[WhiteFideId "12981982"]
[BlackFideId "16208960"]
[EventCountry "GER"]
[EventRounds "9"]
[EventType "swiss"]
[EventDate "2021.08.22"]

1. e4 {[%clk 1:30:57]} d5 {[%clk 1:30:52]} 2. exd5 {[%clk 1:31:21]} Qxd5 {[%clk
1:31:17]} 3. Nc3 {[%clk 1:31:40]} Qa5 {[%clk 1:31:41]} 4. d4 {[%clk 1:31:21]}
c6 {[%clk 1:31:43]} 5. Bc4 {[%clk 1:31:38]} Nf6 {[%clk 1:31:49]} 6. Nf3 {[%clk
1:30:15]} Bg4 {[%clk 1:31:39]} 7. h3 {[%clk 1:26:23]} Bh5 {[%clk 1:31:34]} 8.
g4 {[%clk 1:23:06]} Bg6 {[%clk 1:28:18]} 9. Bd2 {[%clk 1:14:02]} e6 {[%clk
1:26:48]} 10. Qe2 {[%clk 1:02:06]} Bb4 11. Ne5 Nbd7 {[%clk 1:14:00]} 12. Nxd7
{[%clk 0:56:51]} Nxd7 {[%clk 1:11:32]} 13. O-O-O {[%clk 0:50:33]} O-O-O {[%clk
1:08:46]} 14. a3 {[%clk 0:48:48]} Bxc3 {[%clk 1:05:19]} 15. Bxc3 {[%clk
0:49:12]} Qc7 {[%clk 1:04:33]} 16. Bb3 {[%clk 0:42:33]} Nf6 {[%clk 1:02:46]}
17. f3 {[%clk 0:42:05]} Rhe8 {[%clk 0:58:34]} 18. Qf2 {[%clk 0:38:19]} Qf4+
{[%clk 0:56:49]} 19. Bd2 {[%clk 0:36:00]} Qxd4 {[%clk 0:46:09]} 20. Be3 {[%clk
0:36:05]} Qe5 {[%clk 0:45:26]} 21. Bxa7 {[%clk 0:29:56]} Nd5 {[%clk 0:40:39]}
22. Rhe1 {[%clk 0:28:26]} Qf4+ {[%clk 0:37:51]} 23. Kb1 {[%clk 0:28:06]} h5
{[%clk 0:27:31]} 24. Bxd5 {[%clk 0:23:53]} Rxd5 {[%clk 0:22:39]} 25. Rxd5
{[%clk 0:23:54]} cxd5 {[%clk 0:22:45]} 26. Re3 {[%clk 0:21:20]} Kd7 {[%clk
0:16:30]} 27. Rb3 {[%clk 0:13:53]} Qc7 {[%clk 0:11:40]} 28. Rc3 {[%clk
0:12:19]} Qd6 {[%clk 0:11:15]} 29. Bc5 {[%clk 0:11:16]} Qf4 {[%clk 0:10:53]}
30. Qe2 {[%clk 0:09:40]} Qa4 {[%clk 0:06:26]} 31. Qe5 {[%clk 0:08:50]} Qa6
{[%clk 0:06:30]} 32. gxh5 {[%clk 0:07:11]} f6 {[%clk 0:05:49]} 33. Qg3 {[%clk
0:07:25]} d4 {[%clk 0:01:37]} 34. Bxd4 {[%clk 0:07:01]} e5 {[%clk 0:01:26]} 35.
hxg6 {[%clk 0:05:38]} Qd6 {[%clk 0:00:38]} 36. Qg4+ {[%clk 0:04:19]} 1-0

[Event "DEM U18w 2021"]
[Site "Willingen GER"]
[Date "2021.08.23"]
[Round "2"]
[White "Nizamova, Rita"]
[Black "Trams, Emma Joe"]
[Result "1/2-1/2"]
[Termination "normal"]
[Board "10"]
[WhiteElo "1754"]
[BlackElo "1466"]
[WhiteClock "00:17:51"]
[BlackClock "00:23:06"]
[PlyCount "147"]
[WhiteFideId "16221940"]
[BlackFideId "16206517"]
[EventCountry "GER"]
[EventRounds "9"]
[EventType "swiss"]
[EventDate "2021.08.22"]

1. e4 {[%clk 1:30:57]} e5 {[%clk 1:30:56]} 2. Nf3 {[%clk 1:31:23]} Nc6 {[%clk
1:31:15]} 3. d4 {[%clk 1:31:48]} exd4 {[%clk 1:31:15]} 4. Nxd4 {[%clk 1:32:12]}
d6 {[%clk 1:30:56]} 5. Bc4 {[%clk 1:32:00]} Nf6 {[%clk 1:30:29]} 6. Nc3 {[%clk
1:32:18]} Be7 {[%clk 1:30:20]} 7. O-O {[%clk 1:32:38]} O-O {[%clk 1:30:38]} 8.
Bf4 {[%clk 1:30:26]} Ne5 {[%clk 1:29:53]} 9. Bb3 {[%clk 1:30:37]} b6 {[%clk
1:28:40]} 10. Bxe5 {[%clk 1:29:16]} dxe5 {[%clk 1:28:47]} 11. Nc6 {[%clk
1:29:35]} Qd6 {[%clk 1:28:29]} 12. Nd5 {[%clk 1:26:46]} Bd8 {[%clk 1:26:30]}
13. Nxf6+ {[%clk 1:22:11]} Qxf6 {[%clk 1:23:36]} 14. Nb4 {[%clk 1:17:58]} Bb7
{[%clk 1:21:58]} 15. Nd5 {[%clk 1:17:15]} Bxd5 {[%clk 1:21:58]} 16. Bxd5 {[%clk
1:17:18]} Rb8 {[%clk 1:21:18]} 17. Qe2 {[%clk 1:16:23]} a5 {[%clk 1:20:47]} 18.
Qb5 {[%clk 1:12:50]} Be7 {[%clk 1:19:44]} 19. a3 {[%clk 1:08:35]} Rfc8 {[%clk
1:18:14]} 20. Bc6 {[%clk 1:08:28]} Rd8 {[%clk 1:17:14]} 21. Rad1 {[%clk
1:04:16]} Bc5 {[%clk 1:15:06]} 22. Rd7 {[%clk 0:59:45]} Rxd7 {[%clk 1:14:32]}
23. Bxd7 {[%clk 1:00:08]} Rd8 {[%clk 1:14:30]} 24. c3 {[%clk 0:57:41]} h6
{[%clk 1:11:44]} 25. b4 {[%clk 0:56:06]} axb4 {[%clk 1:11:56]} 26. axb4 {[%clk
0:56:29]} Bd6 {[%clk 1:11:51]} 27. Ra1 {[%clk 0:53:44]} Qe7 {[%clk 1:11:02]}
28. Bc6 {[%clk 0:53:49]} Qf8 {[%clk 1:10:46]} 29. g3 {[%clk 0:45:28]} Rc8
{[%clk 1:07:47]} 30. Ra7 {[%clk 0:40:29]} Rd8 {[%clk 1:06:48]} 31. Bd5 {[%clk
0:33:40]} Qe8 {[%clk 1:04:27]} 32. Qc4 {[%clk 0:31:26]} Rc8 {[%clk 1:00:07]}
33. Qd3 {[%clk 0:29:34]} Rd8 {[%clk 0:57:52]} 34. Qf3 {[%clk 0:28:40]} Qf8
{[%clk 0:56:27]} 35. c4 {[%clk 0:27:52]} Rc8 {[%clk 0:55:25]} 36. Qf5 {[%clk
0:26:57]} Rd8 {[%clk 0:51:10]} 37. c5 {[%clk 0:26:32]} bxc5 {[%clk 0:46:14]}
38. bxc5 {[%clk 0:26:52]} Bxc5 {[%clk 0:45:47]} 39. Rxc7 {[%clk 0:27:12]} Kh8
{[%clk 0:45:16]} 40. Rxf7 {[%clk 0:27:20]} Qe8 {[%clk 0:44:47]} 41. Qg6 {[%clk
0:26:57]} Bf8 {[%clk 0:43:56]} 42. Qf5 {[%clk 0:22:43]} Bd6 {[%clk 0:36:30]}
43. Rb7 {[%clk 0:20:08]} Rb8 {[%clk 0:34:28]} 44. Ra7 {[%clk 0:14:06]} Bc5
{[%clk 0:34:16]} 45. Ra2 {[%clk 0:13:50]} Bd4 {[%clk 0:31:32]} 46. Kg2 {[%clk
0:12:18]} Rb2 {[%clk 0:31:06]} 47. Ra8 {[%clk 0:07:49]} Rb8 {[%clk 0:29:49]}
48. Rxb8 {[%clk 0:05:47]} Qxb8 {[%clk 0:30:09]} 49. g4 {[%clk 0:05:41]} Qd8
{[%clk 0:28:30]} 50. h4 {[%clk 0:02:22]} g5 {[%clk 0:18:51]} 51. h5 {[%clk
0:27:06]} Bc3 {[%clk 0:45:20]} 52. Qg6 {[%clk 0:26:54]} Qf8 {[%clk 0:44:15]}
53. Bf7 {[%clk 0:27:08]} Bb4 {[%clk 0:41:03]} 54. Qe6 {[%clk 0:20:34]} Qg7
{[%clk 0:39:37]} 55. Qe8+ {[%clk 0:20:27]} Bf8 {[%clk 0:39:08]} 56. Kf1 {[%clk
0:19:28]} Kh7 {[%clk 0:38:14]} 57. Ke2 {[%clk 0:19:51]} Kh8 {[%clk 0:34:15]}
58. Kd3 {[%clk 0:20:14]} Kh7 {[%clk 0:34:04]} 59. Kc4 {[%clk 0:20:21]} Kh8
{[%clk 0:29:07]} 60. Kd5 {[%clk 0:20:40]} Kh7 {[%clk 0:28:40]} 61. Bg6+ {[%clk
0:20:26]} Kh8 {[%clk 0:28:34]} 62. Qxe5 {[%clk 0:20:29]} Qxe5+ {[%clk 0:28:42]}
63. Kxe5 {[%clk 0:20:55]} Kg7 {[%clk 0:28:30]} 64. Ke6 {[%clk 0:20:32]} Bc5
{[%clk 0:28:08]} 65. f3 {[%clk 0:20:59]} Bd4 {[%clk 0:27:05]} 66. e5 {[%clk
0:18:18]} Bc5 {[%clk 0:26:05]} 67. Bd3 {[%clk 0:18:06]} Bb4 {[%clk 0:23:26]}
68. Kf5 {[%clk 0:18:01]} Be7 {[%clk 0:22:57]} 69. f4 {[%clk 0:17:40]} gxf4
{[%clk 0:22:39]} 70. Kxf4 {[%clk 0:18:09]} Bg5+ {[%clk 0:22:40]} 71. Kf5 {[%clk
0:18:33]} Kf7 {[%clk 0:22:41]} 72. Bc4+ {[%clk 0:18:00]} Ke7 {[%clk 0:22:54]}
73. Kg6 {[%clk 0:18:11]} Be3 {[%clk 0:23:06]} 74. e6 {[%clk 0:17:51]} 1/2-1/2

[Event "DEM U18w 2021"]
[Site "Willingen GER"]
[Date "2021.08.23"]
[Round "2"]
[White "Schilay, Maria"]
[Black "Cheredzhiyska, Iva"]
[Result "1-0"]
[Termination "normal"]
[Board "11"]
[WhiteElo "1481"]
[BlackElo "1571"]
[WhiteClock "00:09:28"]
[BlackClock "00:10:25"]
[PlyCount "59"]
[WhiteFideId "12942979"]
[BlackFideId "16241622"]
[EventCountry "GER"]
[EventRounds "9"]
[EventType "swiss"]
[EventDate "2021.08.22"]

1. e4 {[%clk 1:30:56]} d5 {[%clk 1:29:47]} 2. exd5 {[%clk 1:31:02]} Qxd5 {[%clk
1:30:12]} 3. Nc3 {[%clk 1:31:03]} Qd8 {[%clk 1:30:36]} 4. d4 {[%clk 1:30:37]}
Nf6 {[%clk 1:28:59]} 5. Bc4 {[%clk 1:29:26]} e6 {[%clk 1:27:25]} 6. Nf3 {[%clk
1:27:23]} c6 {[%clk 1:25:13]} 7. Ne5 {[%clk 1:15:32]} Nbd7 {[%clk 1:17:46]} 8.
f4 {[%clk 1:12:18]} Nb6 {[%clk 1:15:38]} 9. Bb3 {[%clk 1:10:39]} Nbd5 {[%clk
1:09:46]} 10. Qf3 {[%clk 1:01:31]} Qb6 {[%clk 0:58:52]} 11. Be3 {[%clk
0:52:44]} Bb4 {[%clk 0:55:28]} 12. Bf2 {[%clk 0:50:20]} Qa5 {[%clk 0:52:35]}
13. O-O {[%clk 0:42:31]} Nxc3 {[%clk 0:50:57]} 14. bxc3 {[%clk 0:40:41]} Bxc3
{[%clk 0:49:01]} 15. Nc4 {[%clk 0:38:27]} Qc7 {[%clk 0:37:01]} 16. Qxc3 {[%clk
0:35:42]} O-O {[%clk 0:33:21]} 17. Bg3 {[%clk 0:31:14]} Ne4 {[%clk 0:29:48]}
18. Qe3 {[%clk 0:30:44]} f5 {[%clk 0:26:11]} 19. Nd2 {[%clk 0:27:05]} Nxd2
{[%clk 0:24:19]} 20. Qxd2 {[%clk 0:27:23]} Rf6 {[%clk 0:20:02]} 21. Rfe1 {[%clk
0:26:07]} Qd6 {[%clk 0:19:00]} 22. Re5 {[%clk 0:24:05]} Bd7 {[%clk 0:18:28]}
23. Rae1 {[%clk 0:22:33]} Re8 {[%clk 0:18:34]} 24. Qd3 {[%clk 0:18:14]} g6
{[%clk 0:17:56]} 25. Bh4 {[%clk 0:18:09]} Rff8 {[%clk 0:17:32]} 26. Qe3 {[%clk
0:14:43]} Kf7 {[%clk 0:17:45]} 27. c4 {[%clk 0:12:46]} Bc8 {[%clk 0:12:49]} 28.
c5 {[%clk 0:11:49]} Qd7 {[%clk 0:13:00]} 29. Qd2 {[%clk 0:10:30]} Rg8 {[%clk
0:10:25]} 30. Rxe6 {[%clk 0:09:28]} 1-0

[Event "DEM U18w 2021"]
[Site "Willingen GER"]
[Date "2021.08.24"]
[Round "3"]
[White "Peglau, Sarah"]
[Black "Bui, Ngoc Han Julia"]
[Result "1-0"]
[Termination "normal"]
[Board "1"]
[WhiteElo "1888"]
[BlackElo "1891"]
[WhiteClock "00:24:05"]
[BlackClock "00:30:38"]
[PlyCount "49"]
[WhiteFideId "16219961"]
[BlackFideId "12977055"]
[EventCountry "GER"]
[EventRounds "9"]
[EventType "swiss"]
[EventDate "2021.08.22"]

1. c4 {[%clk 1:30:58]} Nf6 {[%clk 1:30:50]} 2. Nc3 {[%clk 1:31:23]} d5 {[%clk
1:31:12]} 3. cxd5 {[%clk 1:31:48]} Nxd5 {[%clk 1:31:35]} 4. g3 {[%clk 1:32:11]}
g6 {[%clk 1:30:30]} 5. Bg2 {[%clk 1:32:32]} Nb6 {[%clk 1:30:45]} 6. d3 {[%clk
1:32:49]} Bg7 {[%clk 1:30:53]} 7. Be3 {[%clk 1:33:03]} O-O {[%clk 1:30:17]} 8.
Qd2 {[%clk 1:33:22]} Re8 {[%clk 1:28:37]} 9. Bh6 {[%clk 1:33:30]} Bh8 {[%clk
1:28:01]} 10. h4 {[%clk 1:33:47]} N8d7 {[%clk 1:20:14]} 11. h5 {[%clk 1:34:04]}
Nf6 {[%clk 1:19:56]} 12. hxg6 {[%clk 1:34:21]} fxg6 {[%clk 1:19:12]} 13. Nf3
{[%clk 1:21:12]} e5 {[%clk 1:09:08]} 14. O-O-O {[%clk 1:11:48]} c6 {[%clk
0:59:50]} 15. Rh4 {[%clk 0:52:48]} Bf5 {[%clk 0:55:44]} 16. e4 {[%clk 0:44:22]}
Bg4 {[%clk 0:52:19]} 17. Rdh1 {[%clk 0:40:16]} Bxf3 {[%clk 0:48:46]} 18. Bxf3
{[%clk 0:40:43]} Qd6 {[%clk 0:48:48]} 19. Bd1 {[%clk 0:32:28]} c5 {[%clk
0:37:11]} 20. Bb3+ {[%clk 0:29:35]} c4 {[%clk 0:37:37]} 21. dxc4 {[%clk
0:29:11]} Qc5 {[%clk 0:37:30]} 22. Be3 {[%clk 0:27:51]} Qb4 {[%clk 0:36:00]}
23. c5+ {[%clk 0:25:12]} Nc4 {[%clk 0:35:39]} 24. Qe2 {[%clk 0:24:39]} b5
{[%clk 0:30:38]} 25. Nxb5 {[%clk 0:24:05]} 1-0

[Event "DEM U18w 2021"]
[Site "Willingen GER"]
[Date "2021.08.24"]
[Round "3"]
[White "Müdder, Melanie"]
[Black "Garbuz, Nicole"]
[Result "1-0"]
[Termination "normal"]
[Board "2"]
[WhiteElo "1959"]
[BlackElo "1695"]
[WhiteClock "00:03:38"]
[BlackClock "00:00:34"]
[PlyCount "63"]
[WhiteFideId "12994103"]
[BlackFideId "12990701"]
[EventCountry "GER"]
[EventRounds "9"]
[EventType "swiss"]
[EventDate "2021.08.22"]

1. e4 {[%clk 1:30:58]} e5 {[%clk 1:30:55]} 2. Nf3 {[%clk 1:31:20]} Nc6 {[%clk
1:31:21]} 3. Bc4 {[%clk 1:31:36]} Nf6 {[%clk 1:31:40]} 4. Ng5 {[%clk 1:31:39]}
d5 {[%clk 1:31:57]} 5. exd5 {[%clk 1:31:27]} Na5 {[%clk 1:32:22]} 6. Bb5+
{[%clk 1:31:27]} Bd7 {[%clk 1:32:06]} 7. Qe2 {[%clk 1:31:30]} Be7 {[%clk
1:32:15]} 8. Nf3 {[%clk 1:31:24]} O-O {[%clk 1:27:07]} 9. Bxd7 {[%clk 1:30:42]}
Qxd7 {[%clk 1:24:26]} 10. Nxe5 {[%clk 1:29:57]} Qxd5 {[%clk 1:23:18]} 11. O-O
{[%clk 1:29:07]} Bd6 {[%clk 1:19:13]} 12. Nf3 {[%clk 1:28:13]} Rfe8 {[%clk
1:18:15]} 13. Qd1 {[%clk 1:28:13]} Rad8 {[%clk 1:12:44]} 14. d3 {[%clk
1:24:36]} Qh5 {[%clk 1:08:30]} 15. Nc3 {[%clk 1:10:39]} c5 {[%clk 0:53:28]} 16.
h3 {[%clk 1:01:50]} h6 {[%clk 0:43:29]} 17. Be3 {[%clk 0:46:42]} g5 {[%clk
0:37:09]} 18. Nd2 {[%clk 0:35:07]} Qg6 {[%clk 0:13:24]} 19. Qf3 {[%clk
0:28:57]} g4 {[%clk 0:07:46]} 20. hxg4 {[%clk 0:23:19]} Nxg4 {[%clk 0:08:09]}
21. Bf4 {[%clk 0:19:28]} Qh5 {[%clk 0:06:26]} 22. Nce4 {[%clk 0:13:35]} Bxf4
{[%clk 0:05:40]} 23. Qxf4 {[%clk 0:13:56]} f5 {[%clk 0:02:54]} 24. f3 {[%clk
0:10:43]} fxe4 {[%clk 0:01:37]} 25. fxg4 {[%clk 0:10:56]} Qg6 {[%clk 0:01:16]}
26. Nxe4 {[%clk 0:10:29]} Rf8 {[%clk 0:01:07]} 27. Nf6+ {[%clk 0:07:51]} Kh8
{[%clk 0:01:09]} 28. Qf5 {[%clk 0:05:37]} Qg7 {[%clk 0:00:46]} 29. Qe6 {[%clk
0:03:45]} Nc6 {[%clk 0:00:48]} 30. Nh5 {[%clk 0:03:01]} Qd4+ {[%clk 0:00:39]}
31. Kh1 {[%clk 0:03:15]} Rxf1+ {[%clk 0:00:34]} 32. Rxf1 {[%clk 0:03:38]} 1-0

[Event "DEM U18w 2021"]
[Site "Willingen GER"]
[Date "2021.08.24"]
[Round "3"]
[White "Stowicek, Yara Mathilda"]
[Black "Basovskiy, Jana"]
[Result "1-0"]
[Termination "normal"]
[Board "3"]
[WhiteElo "1823"]
[BlackElo "1784"]
[WhiteClock "00:53:57"]
[BlackClock "00:29:26"]
[PlyCount "107"]
[WhiteFideId "16203569"]
[BlackFideId "16208617"]
[EventCountry "GER"]
[EventRounds "9"]
[EventType "swiss"]
[EventDate "2021.08.22"]

1. e4 {[%clk 1:30:58]} c5 {[%clk 1:30:56]} 2. Nf3 {[%clk 1:31:19]} e6 {[%clk
1:31:20]} 3. d4 {[%clk 1:31:39]} cxd4 {[%clk 1:31:46]} 4. Nxd4 {[%clk 1:31:58]}
Nf6 {[%clk 1:32:05]} 5. Nc3 {[%clk 1:31:54]} Nc6 {[%clk 1:32:28]} 6. Ndb5
{[%clk 1:31:58]} Bb4 {[%clk 1:32:10]} 7. a3 {[%clk 1:32:05]} Bxc3+ {[%clk
1:32:35]} 8. Nxc3 {[%clk 1:32:28]} d5 {[%clk 1:33:00]} 9. exd5 {[%clk 1:32:39]}
exd5 {[%clk 1:33:27]} 10. Bd3 {[%clk 1:32:35]} O-O {[%clk 1:33:51]} 11. O-O
{[%clk 1:32:32]} d4 {[%clk 1:34:10]} 12. Ne2 {[%clk 1:32:07]} Bg4 {[%clk
1:34:26]} 13. Bg5 {[%clk 1:31:49]} Re8 {[%clk 1:31:27]} 14. Re1 {[%clk
1:29:47]} Qd6 {[%clk 1:23:45]} 15. Qd2 {[%clk 1:28:57]} Bxe2 {[%clk 1:07:28]}
16. Bf4 {[%clk 1:24:43]} Qc5 {[%clk 1:03:36]} 17. Bxe2 {[%clk 1:23:14]} Ne4
{[%clk 0:56:25]} 18. Qd3 {[%clk 1:21:05]} Qf5 {[%clk 0:49:51]} 19. g3 {[%clk
1:16:15]} Qa5 {[%clk 0:42:05]} 20. Rad1 {[%clk 1:08:45]} Nf6 {[%clk 0:35:35]}
21. Qb5 {[%clk 1:01:57]} Qxb5 {[%clk 0:25:26]} 22. Bxb5 {[%clk 1:02:18]} Rxe1+
{[%clk 0:20:53]} 23. Rxe1 {[%clk 1:02:30]} Nd5 {[%clk 0:19:15]} 24. Bxc6 {[%clk
0:58:46]} bxc6 {[%clk 0:19:17]} 25. Bd6 {[%clk 0:59:08]} f6 {[%clk 0:12:26]}
26. Bc5 {[%clk 0:55:29]} Nb6 {[%clk 0:11:53]} 27. Bxd4 {[%clk 0:55:22]} Rd8
{[%clk 0:12:02]} 28. Bxb6 {[%clk 0:53:45]} axb6 {[%clk 0:12:28]} 29. Re6 {[%clk
0:52:44]} Rc8 {[%clk 0:12:27]} 30. Kf1 {[%clk 0:52:24]} Kf7 {[%clk 0:12:54]}
31. Re4 {[%clk 0:52:19]} Rd8 {[%clk 0:13:09]} 32. Ke2 {[%clk 0:52:21]} Rd5
{[%clk 0:13:26]} 33. Rb4 {[%clk 0:47:34]} b5 {[%clk 0:11:47]} 34. c4 {[%clk
0:44:04]} bxc4 {[%clk 0:07:14]} 35. Rxc4 {[%clk 0:44:25]} Rb5 {[%clk 0:07:41]}
36. b4 {[%clk 0:43:59]} Rb6 {[%clk 0:08:05]} 37. a4 {[%clk 0:42:47]} Ke6 {[%clk
0:07:34]} 38. Kd3 {[%clk 0:42:16]} Kd6 {[%clk 0:03:46]} 39. Rd4+ {[%clk
0:41:58]} Kc7 {[%clk 0:03:56]} 40. Kc4 {[%clk 0:41:54]} Ra6 {[%clk 0:03:14]}
41. a5 {[%clk 0:42:03]} Ra8 {[%clk 0:03:42]} 42. Rd2 {[%clk 0:40:35]} Re8
{[%clk 0:03:33]} 43. f4 {[%clk 0:40:00]} Re1 {[%clk 0:02:23]} 44. Rd3 {[%clk
0:35:07]} Rc1+ {[%clk 0:00:43]} 45. Rc3 {[%clk 0:33:32]} Re1 {[%clk 0:00:37]}
46. b5 {[%clk 0:31:20]} cxb5+ {[%clk 0:28:31]} 47. Kxb5+ {[%clk 0:57:34]} Kb7
{[%clk 0:28:50]} 48. a6+ {[%clk 0:55:11]} Kb8 {[%clk 0:29:16]} 49. a7+ {[%clk
0:53:21]} Kxa7 {[%clk 0:29:11]} 50. Rc7+ {[%clk 0:53:49]} Kb8 {[%clk 0:29:28]}
51. Rxg7 {[%clk 0:53:42]} Rb1+ {[%clk 0:29:50]} 52. Kc6 {[%clk 0:53:58]} h5
{[%clk 0:29:20]} 53. Rh7 {[%clk 0:53:49]} Rc1+ {[%clk 0:29:26]} 54. Kd6 {[%clk
0:53:57]} 1-0

[Event "DEM U18w 2021"]
[Site "Willingen GER"]
[Date "2021.08.24"]
[Round "3"]
[White "Schneider, Katharina"]
[Black "Wagner, Victoria"]
[Result "1/2-1/2"]
[Termination "normal"]
[Board "4"]
[WhiteElo "1738"]
[BlackElo "1657"]
[WhiteClock "00:01:55"]
[BlackClock "00:04:09"]
[PlyCount "71"]
[WhiteFideId "16200519"]
[BlackFideId "16232348"]
[EventCountry "GER"]
[EventRounds "9"]
[EventType "swiss"]
[EventDate "2021.08.22"]

1. e4 {[%clk 1:30:59]} c5 {[%clk 1:30:54]} 2. Nf3 {[%clk 1:31:25]} d6 {[%clk
1:31:16]} 3. d4 {[%clk 1:31:52]} cxd4 {[%clk 1:31:37]} 4. Nxd4 {[%clk 1:32:15]}
Nf6 {[%clk 1:32:00]} 5. Nc3 {[%clk 1:32:36]} a6 {[%clk 1:32:22]} 6. f3 {[%clk
1:32:46]} e5 {[%clk 1:32:31]} 7. Nb3 {[%clk 1:33:10]} Be6 {[%clk 1:32:40]} 8.
Be3 {[%clk 1:33:17]} h5 {[%clk 1:32:47]} 9. Qd2 {[%clk 1:31:37]} Nbd7 {[%clk
1:32:18]} 10. O-O-O {[%clk 1:27:54]} Rc8 {[%clk 1:31:36]} 11. Kb1 {[%clk
1:25:37]} Be7 {[%clk 1:30:20]} 12. Be2 {[%clk 1:15:43]} b5 {[%clk 1:28:18]} 13.
Rdg1 {[%clk 1:04:45]} Nb6 {[%clk 1:19:05]} 14. h3 {[%clk 0:54:11]} Bc4 {[%clk
1:05:20]} 15. g4 {[%clk 0:48:15]} Bxe2 {[%clk 0:58:49]} 16. Qxe2 {[%clk
0:48:01]} b4 {[%clk 0:56:54]} 17. Bxb6 {[%clk 0:29:31]} Qxb6 {[%clk 0:57:18]}
18. Nd5 {[%clk 0:29:53]} Nxd5 {[%clk 0:56:22]} 19. exd5 {[%clk 0:30:19]} g6
{[%clk 0:51:24]} 20. Qe4 {[%clk 0:28:16]} Kd7 {[%clk 0:40:20]} 21. f4 {[%clk
0:24:41]} hxg4 {[%clk 0:25:26]} 22. hxg4 {[%clk 0:24:36]} Rh2 {[%clk 0:25:03]}
23. Rc1 {[%clk 0:24:05]} Qf2 {[%clk 0:23:48]} 24. Rxh2 {[%clk 0:24:12]} Qxh2
{[%clk 0:24:13]} 25. fxe5 {[%clk 0:17:56]} Qxe5 {[%clk 0:23:47]} 26. Qxb4
{[%clk 0:17:41]} Qxd5 {[%clk 0:17:11]} 27. Qa4+ {[%clk 0:17:12]} Qc6 {[%clk
0:16:22]} 28. Qf4 {[%clk 0:16:20]} Qd5 {[%clk 0:14:15]} 29. Rf1 {[%clk
0:16:12]} Rc4 {[%clk 0:13:34]} 30. Qf2 {[%clk 0:10:14]} Ke8 {[%clk 0:08:51]}
31. Qa7 {[%clk 0:06:12]} Qe4 {[%clk 0:07:50]} 32. Qf2 {[%clk 0:03:18]} Qd5
{[%clk 0:07:38]} 33. Qa7 {[%clk 0:03:35]} Qe4 {[%clk 0:07:43]} 34. Qf2 {[%clk
0:03:56]} Qd5 {[%clk 0:07:11]} 35. Rg1 {[%clk 0:03:13]} Qe5 {[%clk 0:04:09]}
36. Rf1 {[%clk 0:01:55]} 1/2-1/2

[Event "DEM U18w 2021"]
[Site "Willingen GER"]
[Date "2021.08.24"]
[Round "3"]
[White "Peglau, Dora"]
[Black "Peschel, Julia"]
[Result "1-0"]
[Termination "normal"]
[Board "5"]
[WhiteElo "1906"]
[BlackElo "1410"]
[WhiteClock "00:06:15"]
[BlackClock "00:03:16"]
[PlyCount "133"]
[WhiteFideId "16220005"]
[BlackFideId "16255593"]
[EventCountry "GER"]
[EventRounds "9"]
[EventType "swiss"]
[EventDate "2021.08.22"]

1. d4 {[%clk 1:30:58]} d5 {[%clk 1:30:49]} 2. c4 {[%clk 1:31:23]} dxc4 {[%clk
1:31:14]} 3. e4 {[%clk 1:31:45]} e5 {[%clk 1:31:31]} 4. Nf3 {[%clk 1:32:09]}
exd4 {[%clk 1:31:48]} 5. Bxc4 {[%clk 1:32:34]} Nc6 {[%clk 1:31:47]} 6. O-O
{[%clk 1:32:50]} Be6 {[%clk 1:31:44]} 7. Bxe6 {[%clk 1:32:40]} fxe6 {[%clk
1:32:03]} 8. Qb3 {[%clk 1:33:06]} Qd7 {[%clk 1:32:14]} 9. Qxb7 {[%clk 1:33:18]}
Rb8 {[%clk 1:32:35]} 10. Qa6 {[%clk 1:33:43]} Nf6 {[%clk 1:32:41]} 11. e5
{[%clk 1:07:42]} Ng4 {[%clk 1:28:28]} 12. Re1 {[%clk 0:58:34]} g6 {[%clk
1:13:12]} 13. h3 {[%clk 0:51:25]} Nh6 {[%clk 1:13:03]} 14. Nbd2 {[%clk
0:50:15]} Bg7 {[%clk 1:08:48]} 15. Ne4 {[%clk 0:49:21]} O-O {[%clk 1:02:55]}
16. Bxh6 {[%clk 0:47:23]} Bxh6 {[%clk 1:00:31]} 17. Nf6+ {[%clk 0:47:19]} Rxf6
{[%clk 1:00:50]} 18. exf6 {[%clk 0:47:45]} Rxb2 {[%clk 0:59:44]} 19. Qc4 {[%clk
0:46:57]} Qd5 {[%clk 0:49:10]} 20. Qxd5 {[%clk 0:43:09]} exd5 {[%clk 0:49:28]}
21. Re6 {[%clk 0:41:59]} Rc2 {[%clk 0:47:55]} 22. g4 {[%clk 0:34:17]} Bf4
{[%clk 0:40:14]} 23. g5 {[%clk 0:31:00]} d3 {[%clk 0:28:19]} 24. Ne1 {[%clk
0:08:55]} Rc3 {[%clk 0:26:53]} 25. Nxd3 {[%clk 0:07:22]} Rxd3 {[%clk 0:27:13]}
26. Rxc6 {[%clk 0:07:18]} Bxg5 {[%clk 0:27:18]} 27. Rb1 {[%clk 0:04:51]} Bf4
{[%clk 0:26:23]} 28. Kg2 {[%clk 0:02:49]} d4 {[%clk 0:21:08]} 29. Rb8+ {[%clk
0:02:07]} Kf7 {[%clk 0:21:16]} 30. Rh8 {[%clk 0:02:24]} Bd6 {[%clk 0:15:39]}
31. Rxh7+ {[%clk 0:02:35]} Kxf6 {[%clk 0:16:04]} 32. Rhxc7 {[%clk 0:02:53]} Ke5
{[%clk 0:13:41]} 33. Rxa7 {[%clk 0:02:52]} Kd5 {[%clk 0:07:48]} 34. Raa6 {[%clk
0:02:34]} Bc5 {[%clk 0:07:18]} 35. Rxg6 {[%clk 0:02:39]} Rc3 {[%clk 0:06:39]}
36. Rg5+ {[%clk 0:02:15]} Ke4 {[%clk 0:06:51]} 37. Rc6 {[%clk 0:00:45]} Bb4
{[%clk 0:06:27]} 38. Re6+ {[%clk 0:00:43]} Kd3 {[%clk 0:05:36]} 39. Rd5 {[%clk
0:00:37]} Kc4 {[%clk 0:03:29]} 40. Rd8 {[%clk 0:00:56]} Ra3 {[%clk 0:03:10]}
41. h4 {[%clk 0:30:11]} Rxa2 {[%clk 0:31:31]} 42. h5 {[%clk 0:30:18]} Ra5
{[%clk 0:25:18]} 43. Rc6+ {[%clk 0:27:17]} Kd3 {[%clk 0:25:28]} 44. h6 {[%clk
0:26:40]} Rh5 {[%clk 0:25:13]} 45. Rd7 {[%clk 0:26:44]} Bc3 {[%clk 0:16:56]}
46. h7 {[%clk 0:22:49]} Kd2 {[%clk 0:16:09]} 47. Rcd6 {[%clk 0:19:22]} Ke2
{[%clk 0:14:48]} 48. f4 {[%clk 0:16:38]} Ke3 {[%clk 0:12:02]} 49. f5 {[%clk
0:16:18]} Ke4 {[%clk 0:10:41]} 50. f6 {[%clk 0:16:09]} d3 {[%clk 0:07:56]} 51.
f7 {[%clk 0:11:02]} Bg7 {[%clk 0:07:56]} 52. Rd8 {[%clk 0:04:43]} Rxh7 {[%clk
0:03:23]} 53. f8=Q {[%clk 0:05:01]} Bxf8 {[%clk 0:03:40]} 54. Rxf8 {[%clk
0:05:25]} Ke3 {[%clk 0:03:57]} 55. Rf3+ {[%clk 0:05:36]} Ke4 {[%clk 0:03:06]}
56. Rfxd3 {[%clk 0:05:40]} Ke5 {[%clk 0:02:37]} 57. Rd8 {[%clk 0:05:25]} Ke4
{[%clk 0:02:56]} 58. Kf2 {[%clk 0:05:00]} Rh2+ {[%clk 0:02:03]} 59. Kg3 {[%clk
0:05:18]} Rh7 {[%clk 0:02:24]} 60. R3d7 {[%clk 0:05:34]} Rh1 {[%clk 0:02:10]}
61. Re7+ {[%clk 0:05:26]} Kf5 {[%clk 0:02:36]} 62. Rf8+ {[%clk 0:05:23]} Kg6
{[%clk 0:02:57]} 63. Kg2 {[%clk 0:05:29]} Rh5 {[%clk 0:03:10]} 64. Re3 {[%clk
0:05:27]} Kg7 {[%clk 0:02:56]} 65. Rf4 {[%clk 0:05:39]} Kg6 {[%clk 0:02:52]}
66. Rg3+ {[%clk 0:05:56]} Kh6 {[%clk 0:03:16]} 67. Rh3 {[%clk 0:06:15]} 1-0